<?xml version="1.0" encoding="UTF-8"?>
<collection xmlns="http://www.loc.gov/MARC21/slim">
 <record>
  <leader>02205pam a22002418a 4500</leader>
  <controlfield tag="001">00022333</controlfield>
  <controlfield tag="005">20171026081025.0</controlfield>
  <controlfield tag="008">110528s2005                  ||||||Viesd</controlfield>
  <datafield tag="041" ind1="0" ind2="#">
   <subfield code="a">Vie</subfield>
  </datafield>
  <datafield tag="082" ind1="1" ind2="4">
   <subfield code="a">004.67</subfield>
   <subfield code="b">M106M</subfield>
  </datafield>
  <datafield tag="100" ind1="0" ind2="#">
   <subfield code="a">Nguyễn Vũ Quốc Hưng</subfield>
   <subfield code="e">chủ biên</subfield>
  </datafield>
  <datafield tag="245" ind1="0" ind2="0">
   <subfield code="a">Mạng máy tính</subfield>
   <subfield code="b">Giáo trình cao đẳng sư phạm</subfield>
   <subfield code="c">Nguyễn Vũ Quốc Hưng, Nguyễn Thế Lộc</subfield>
  </datafield>
  <datafield tag="260" ind1="#" ind2="#">
   <subfield code="a">H.</subfield>
   <subfield code="b">Đại học sư phạm</subfield>
   <subfield code="c">2005</subfield>
  </datafield>
  <datafield tag="300" ind1="#" ind2="#">
   <subfield code="a">226 tr.</subfield>
   <subfield code="c">24 cm.</subfield>
  </datafield>
  <datafield tag="500" ind1="#" ind2="#">
   <subfield code="a">Sách nhà nước đặt hàng</subfield>
  </datafield>
  <datafield tag="653" ind1="#" ind2="#">
   <subfield code="a">Internet</subfield>
  </datafield>
  <datafield tag="653" ind1="#" ind2="#">
   <subfield code="a">Mạng máy tính</subfield>
  </datafield>
  <datafield tag="852" ind1="#" ind2="#">
   <subfield code="b">Kho giáo trình</subfield>
   <subfield code="j">KGT.0000609, KGT.0000610, KGT.0000611, KGT.0000612, KGT.0000613, KGT.0000614, KGT.0000615, KGT.0000616, KGT.0000617, KGT.0000618, KGT.0000619, KGT.0000620, KGT.0000621, KGT.0000622, KGT.0000623, KGT.0000624, KGT.0000625, KGT.0000626, KGT.0000627, KGT.0000628, KGT.0000629, KGT.0000630, KGT.0000631, KGT.0000632, KGT.0000633, KGT.0000634, KGT.0000635, KGT.0000636, KGT.0000637, KGT.0000638, KGT.0000639, KGT.0000640, KGT.0000641, KGT.0000642, KGT.0000643, KGT.0000644, KGT.0000645, KGT.0000646, KGT.0000647, KGT.0000648, KGT.0000649, KGT.0000650, KGT.0000651, KGT.0000652, KGT.0000653, KGT.0000654, KGT.0000655, KGT.0000656, KGT.0000657, KGT.0000658, KGT.0000658, KGT.0033595</subfield>
  </datafield>
  <datafield tag="852" ind1="#" ind2="#">
   <subfield code="b">Kho mượn</subfield>
   <subfield code="j">KGT.0000609</subfield>
  </datafield>
  <datafield tag="852" ind1="#" ind2="#">
   <subfield code="b">Kho đọc</subfield>
   <subfield code="j">KD.0009056</subfield>
  </datafield>
  <datafield tag="852" ind1="#" ind2="#">
   <subfield code="j">KGT.0000609</subfield>
   <subfield code="j">KGT.0000610</subfield>
   <subfield code="j">KGT.0000612</subfield>
   <subfield code="j">KGT.0000613</subfield>
   <subfield code="j">KGT.0000617</subfield>
   <subfield code="j">KGT.0000618</subfield>
   <subfield code="j">KGT.0000620</subfield>
   <subfield code="j">KGT.0000621</subfield>
   <subfield code="j">KGT.0000623</subfield>
   <subfield code="j">KGT.0000626</subfield>
   <subfield code="j">KGT.0000628</subfield>
   <subfield code="j">KGT.0000629</subfield>
   <subfield code="j">KGT.0000631</subfield>
   <subfield code="j">KGT.0000632</subfield>
   <subfield code="j">KGT.0000636</subfield>
   <subfield code="j">KGT.0000638</subfield>
   <subfield code="j">KGT.0000639</subfield>
   <subfield code="j">KGT.0000640</subfield>
   <subfield code="j">KGT.0000642</subfield>
   <subfield code="j">KGT.0000645</subfield>
   <subfield code="j">KGT.0000647</subfield>
   <subfield code="j">KGT.0000648</subfield>
   <subfield code="j">KGT.0000650</subfield>
   <subfield code="j">KGT.0000651</subfield>
   <subfield code="j">KGT.0000655</subfield>
   <subfield code="j">KGT.0000656</subfield>
   <subfield code="j">KGT.0000657</subfield>
   <subfield code="j">KD.0009056</subfield>
   <subfield code="j">KGT.0000616</subfield>
   <subfield code="j">KGT.0000624</subfield>
   <subfield code="j">KGT.0000625</subfield>
   <subfield code="j">KGT.0000635</subfield>
   <subfield code="j">KGT.0000644</subfield>
   <subfield code="j">KGT.0000652</subfield>
   <subfield code="j">KGT.0000653</subfield>
   <subfield code="j">KGT.0000611</subfield>
   <subfield code="j">KGT.0000614</subfield>
   <subfield code="j">KGT.0000615</subfield>
   <subfield code="j">KGT.0000619</subfield>
   <subfield code="j">KGT.0000622</subfield>
   <subfield code="j">KGT.0000627</subfield>
   <subfield code="j">KGT.0000630</subfield>
   <subfield code="j">KGT.0000633</subfield>
   <subfield code="j">KGT.0000634</subfield>
   <subfield code="j">KGT.0000637</subfield>
   <subfield code="j">KGT.0000641</subfield>
   <subfield code="j">KGT.0000643</subfield>
   <subfield code="j">KGT.0000646</subfield>
   <subfield code="j">KGT.0000649</subfield>
   <subfield code="j">KGT.0000654</subfield>
   <subfield code="j">KGT.0000658</subfield>
   <subfield code="j">KGT.0033595</subfield>
  </datafield>
  <datafield tag="910" ind1="0" ind2="#">
   <subfield code="a">Đức</subfield>
   <subfield code="d">28/05/2011</subfield>
  </datafield>
  <datafield tag="980" ind1="#" ind2="#">
   <subfield code="a">Trung tâm Học liệu Lê Vũ Hùng, Trường Đại học Đồng Tháp</subfield>
  </datafield>
 </record>
</collection>
